| 000 | 01076nam a2200229 i 4500 | ||
|---|---|---|---|
| 001 | 153522 | ||
| 003 | ES-MaACL | ||
| 005 | 20231226211507.0 | ||
| 008 | 990413s1881 sp |||| | spa d | ||
| 245 | 0 | 0 | _aDiscursos leídos ante la Real Academia Española en la pública recepción del doctor Don Marcelino Menéndez y Pelayo, el día 6 de marzo de 1881. |
| 260 |
_aMadrid : _b[s.n.], _c1881 ( _fImp. de F. Maroto e Hijos) |
||
| 300 |
_a116 p. ; _c26 cm. |
||
| 530 | _aDisponible en formato digital. | ||
| 594 | _aRecoge el discurso de Marcelino Menéndez y Pelayo y la contestación de Juan Varela. | ||
| 650 | 4 |
_aPoesía religiosa española- _xHistoria y crítica. _9169533 |
|
| 700 | 1 |
_aMenéndez y Pelayo, Marcelino, _d1856-1912 _980332 |
|
| 700 | 1 |
_aValera, Juan, _d1824-1905 _9112638 |
|
| 710 | 2 |
_aReal Academia Española _96336 |
|
| 852 |
_aES-MaACL _jF-M-III-E-F (VI) _z- Enc. pasta española _z- Enc. en un vol. facticio |
||
| 856 |
_uhttp://bdh-rd.bne.es/viewer.vm?id=0000203915&page=1 _zBiblioteca Digital Hispánica |
||
| 999 |
_c153522 _d153522 |
||